Phylogeny of sea skaters, Halobates Eschscholtz (Hemiptera, Gerridae), based on mtDNA sequence and morphology (Registro nro. 13391)

Detalles MARC
000 -CABECERA
Campo de control 005470000a22001570004500
090 ## - CLASIFICACIÓN LOCAL
Colección AR
Consecutivo 04294
041 0# - IDIOMA
Código de idioma para texto/pista de sonido o título separado
100 1# - ASIENTO PRINCIPAL--NOMBRE PERSONAL
Nombre personal Damgaard, Jakob
245 10 - MENCION DE TITULO
Título Phylogeny of sea skaters, Halobates Eschscholtz (Hemiptera, Gerridae), based on mtDNA sequence and morphology
500 ## - NOTA GENERAL
Nota general <Literatura de escarabajos coprófagos>
700 1# - ASIENTO SECUNDARIO - NOMBRE PERSONAL
Nombre personal Moller Andersen, Nils
700 1# - ASIENTO SECUNDARIO - NOMBRE PERSONAL
Nombre personal Cheng, Lanna
700 1# - ASIENTO SECUNDARIO - NOMBRE PERSONAL
Nombre personal Sperling, Felix A. H.
773 1# - Item fuente:
Título Zoological Journal of the Linnean
Descripción física 130
Paginas del Articulo 511-526
Lugar, editorial y fecha de publicación 2000
942 ## - ELEMENTOS ADICIONALES (KOHA)
Tipo de ítem Artículo
Existencias
Withdrawn status Lost status Damaged status No para préstamo Colección Ubicación Permanente Ubicación actual Fecha de adquisición Fuente de Valor Datos de publicación Seriada Total Checkouts Número topográfico Inventario / Código de Barras Date last seen Ejemplar Price effective from Forma de adquisición Tipo de material
      No para Préstamo Hemeroteca Bogotá Bogotá 21/11/2006 Trujillo, Diego Fuera de circulación   AR 04294 023739 25/03/2015 1 25/03/2015   Artículo